ბათუმის შოთა რუსთაველის სახელმწიფო უნივერსიტეტის ბიბლიოთეკა

სახლი ხელისგულზე (ბიბ.ჩანაწერი № 49039)

000 -LEADER
fixed length control field 00841nam a2200229Ia 4500
001 - CONTROL NUMBER
control field 15945
003 - CONTROL NUMBER IDENTIFIER
control field GE_BSU
008 - FIXED-LENGTH DATA ELEMENTS--GENERAL INFORMATION
fixed length control field 181216s||||||||xx |||||||||||||| ||und||
040 ## - CATALOGING SOURCE
Transcribing agency GE_BSU
080 ## - UNIVERSAL DECIMAL CLASSIFICATION NUMBER
Universal Decimal Classification number 821.353.1-1
100 ## - MAIN ENTRY--PERSONAL NAME
Personal name ჯანგულაშვილი, თეიმურაზ
245 ## - TITLE STATEMENT
Title სახლი ხელისგულზე
245 ## - TITLE STATEMENT
Remainder of title ლექსები
245 ## - TITLE STATEMENT
Statement of responsibility, etc. სარედ.კოლ.გივი გოგიჩაიშვილი.თ.დონჯაშვილი. მ. ლებანიძე და სხვ. მხ.. ბურჯანაძე
260 ## - PUBLICATION, DISTRIBUTION, ETC.
Place of publication, distribution, etc. თბილისი
260 ## - PUBLICATION, DISTRIBUTION, ETC.
Name of publisher, distributor, etc. მერანი
260 ## - PUBLICATION, DISTRIBUTION, ETC.
Date of publication, distribution, etc. 1975
300 ## - PHYSICAL DESCRIPTION
Extent 59გვ. ; 20სმ.
653 ## - INDEX TERM--UNCONTROLLED
Uncontrolled term ლექსები
653 ## - INDEX TERM--UNCONTROLLED
Uncontrolled term სახლი ხელისგულზე
942 ## - ADDED ENTRY ELEMENTS (KOHA)
Koha item type წიგნი
ეგზემპლარები
Withdrawn status Lost status Damaged status Not for loan Date acquired Barcode Date last seen Price effective from Koha item type
        2018-12-17 39722 2018-12-17 2018-12-17 წიგნი
        2018-12-17 39723 2018-12-17 2018-12-17 წიგნი